| 000 | 00430nam a2200145 i 4500 | ||
|---|---|---|---|
| 001 | 70913 | ||
| 003 | ES-MaACL | ||
| 007 | t| | ||
| 008 | 040804s1974 sp ||||1| spa d | ||
| 100 | 1 |
_aGarrut, Josep María. _955789 |
|
| 245 | 1 | 0 |
_aDos siglos de pintura catalana _b: (XIX y XX) / _cJosep María Garrut. |
| 260 |
_aMadrid : _bIEE, _c[1974] |
||
| 300 |
_a596 p., 43 lám. : _bil. ; _c33 cm. |
||
| 852 |
_aES-MaACL _jE-6227 _bR.91092 |
||
| 999 |
_c70913 _d70913 |
||